[Event "RUS-chT2"]
[Site "Sochi"]
[Date "2024.05.06"]
[Round "5.9"]
[White "Ufimtsev, Egor"]
[Black "Drygalov, Andrey"]
[Result "0-1"]
[WhiteElo "2116"]
[BlackElo "2455"]
[PlyCount "86"]
[EventDate "2024.05.01"]
[EventType "team-swiss"]
[EventRounds "9"]
[EventCountry "RUS"]
[SourceTitle "CBM 220 Extra"]
[Source "ChessBase"]
[SourceDate "2024.07.31"]
[SourceVersion "1"]
[SourceVersionDate "2024.07.31"]
[SourceQuality "1"]
[WhiteTeam "Moscow Northern Character"]
[BlackTeam "Krasnoyarsk Region Enisey"]
[WhiteTeamCountry "RUS"]
[BlackTeamCountry "RUS"]

1. Nf3 d5 2. g3 Nf6 3. Bg2 c6 4. 0-0 Bf5 5. c4 e6 6. Qb3 Qb6 7. Qxb6 axb6 8. cxd5 exd5 9. d3 Nbd7 10. Re1 Bc5 11. Nc3 0-0 12. e4 dxe4 13. dxe4 Be6 14. Be3 Bb4 15. e5 Nd5 16. Bd2 Nxc3 17. bxc3 Bc5 18. a4 Ra7 19. Ng5 Rfa8 20. Nxe6 fxe6 21. Bh3 Nf8 22. Be3 Bxe3 23. Rxe3 Rxa4 24. Rxa4 Rxa4 25. Rd3 Ra8 26. f4 Kf7 27. f5 Ke7 28. c4 Ra1+ 29. Kf2 Ra2+ 30. Kg1 Nd7 31. f6+ gxf6 32. exf6+ Nxf6 33. Re3 Ra5 34. Rxe6+ Kf7 35. Re2 b5 36. Rb2 bxc4 37. Rxb7+ Kg6 38. Bf1 Rc5 39. Rb4 c3 40. Bd3+ Kf7 41. Rc4 Rxc4 42. Bxc4+ Kg7 43. Bb3 Ng4 0-1

[Event "Khanty-Mansiysk Governor Cup 18th"]
[Site "Khanty-Mansiysk"]
[Date "2022.11.17"]
[Round "1"]
[White "Ponkratov, Pavel"]
[Black "Ufimtsev, Egor"]
[Result "1/2-1/2"]
[WhiteElo "2593"]
[BlackElo "2128"]
[PlyCount "103"]
[EventDate "2022.11.17"]
[EventType "swiss"]
[EventRounds "9"]
[EventCountry "RUS"]
[SourceTitle "CBM 211 Extra"]
[Source "ChessBase"]
[SourceDate "2023.01.31"]
[SourceVersion "1"]
[SourceVersionDate "2023.01.31"]
[SourceQuality "1"]

1. d4 d5 2. Nf3 e6 3. g3 Nf6 4. Bg2 Be7 5. c4 c6 6. Nfd2 0-0 7. 0-0 c5 8. dxc5 Bxc5 9. Nc3 Be7 10. cxd5 exd5 11. Nb3 Be6 12. Bg5 Nc6 13. Rc1 Rc8 14. Qd3 Qd7 15. Rfd1 Rfd8 16. Qb5 Nb4 17. Qxd7 Rxd7 18. Bxf6 Bxf6 19. Ne4 Rxc1 20. Nxf6+ gxf6 21. Nxc1 Rc7 22. a3 Na6 23. Nd3 Rc2 24. Nf4 Rxb2 25. Bxd5 Nc7 26. Be4 f5 27. Rd8+ Kg7 28. Bf3 Kf6 29. Rh8 b5 30. Rb8 a5 31. Rb7 Rc2 32. Kg2 Ke5 33. Nd3+ Kd6 34. Rb6+ Ke7 35. Ne5 a4 36. Nc6+ Kd7 37. Nd4 Rc3 38. e3 Rxa3 39. Bc6+ Kc8 40. Bxb5 Nxb5 41. Rxb5 Ra1 42. Kf3 a3 43. Ra5 a2 44. Nxe6 fxe6 45. Kf4 Kb7 46. Ke5 Kb6 47. Ra8 Kb5 48. Kxe6 Kb4 49. Kxf5 Kb3 50. Rb8+ Kc3 51. Rc8+ Kb3 52. Rb8+ 1/2-1/2

[Event "RUS-chT Rapid"]
[Site "Sochi"]
[Date "2021.10.15"]
[Round "1.2"]
[White "Savchenko, Boris"]
[Black "Ufimtsev, Egor"]
[Result "1-0"]
[WhiteElo "2535"]
[BlackElo "2216"]
[PlyCount "61"]
[EventDate "2021.10.15"]
[EventType "team-swiss (rapid)"]
[EventRounds "9"]
[EventCountry "RUS"]
[SourceTitle "CBM 204 Extra"]
[Source "ChessBase"]
[SourceDate "2021.11.30"]
[SourceVersion "1"]
[SourceVersionDate "2021.11.30"]
[SourceQuality "1"]
[WhiteTeam "Moscow Gogolevsiy 14"]
[BlackTeam "Moscow Severnyy Kharakter II"]
[WhiteTeamCountry "RUS"]
[BlackTeamCountry "RUS"]

1. e4 c6 2. Nf3 d5 3. Nc3 dxe4 4. Nxe4 Nf6 5. Qe2 Nxe4 6. Qxe4 Qd5 7. Qf4 Qf5 8. Qe3 Qe6 9. d4 Qxe3+ 10. Bxe3 Bf5 11. 0-0-0 e6 12. Nh4 Bg4 13. f3 Bh5 14. g4 Bg6 15. c4 Be7 16. Nxg6 hxg6 17. d5 cxd5 18. cxd5 exd5 19. Rxd5 0-0 20. Bc4 Rc8 21. b3 a6 22. Bb6 Rc6 23. Re1 Ba3+ 24. Kc2 Rxb6 25. Rd8+ Kh7 26. g5 Rd6 27. Rc8 Rc6 28. Rce8 Rc5 29. f4 Nc6 30. Rxa8 Nd4+ 31. Kd3 1-0

[Event "RUS-chT Blitz"]
[Site "Sochi"]
[Date "2021.10.14"]
[Round "3.4"]
[White "Drygalov, Andrey"]
[Black "Ufimtsev, Egor"]
[Result "1-0"]
[WhiteElo "2508"]
[BlackElo "2216"]
[PlyCount "57"]
[EventDate "2021.10.14"]
[EventType "team-swiss (blitz)"]
[EventRounds "13"]
[EventCountry "RUS"]
[SourceTitle "CBM 204 Extra"]
[Source "ChessBase"]
[SourceDate "2021.11.30"]
[SourceVersion "1"]
[SourceVersionDate "2021.11.30"]
[SourceQuality "1"]
[WhiteTeam "Cheliabinsk Yuzhnyy Ural"]
[BlackTeam "Moscow Severnyy Kharakter II"]
[WhiteTeamCountry "RUS"]
[BlackTeamCountry "RUS"]

1. e4 c5 2. Nf3 Nc6 3. Bb5 e6 4. Bxc6 bxc6 5. d3 Qc7 6. Qe2 e5 7. b3 g6 8. Bb2 Bg7 9. 0-0 Ne7 10. c3 0-0 11. d4 cxd4 12. cxd4 exd4 13. Bxd4 Bxd4 14. Nxd4 Qe5 15. Nc2 a5 16. Nd2 Ba6 17. Nc4 Bxc4 18. Qxc4 d5 19. exd5 cxd5 20. Qd4 Nc6 21. Qxe5 Nxe5 22. Rfd1 Rfd8 23. Nd4 Ra6 24. Rac1 g5 25. h3 Kg7 26. Rc5 a4 27. b4 Kf6 28. Nb5 Nc6 29. Nc7 1-0

[Event "Paracin Summer op 14th"]
[Site "Paracin"]
[Date "2021.07.15"]
[Round "8"]
[White "Maryasin, Boris Feliksovich"]
[Black "Ufimtsev, Egor"]
[Result "1-0"]
[WhiteElo "2311"]
[BlackElo "2168"]
[PlyCount "45"]
[EventDate "2021.07.09"]
[EventType "swiss"]
[EventRounds "9"]
[EventCountry "SRB"]
[SourceTitle "EXT 2022"]
[Source "ChessBase"]
[SourceDate "2021.10.06"]
[SourceVersion "1"]
[SourceVersionDate "2021.10.06"]
[SourceQuality "1"]

1. e4 c6 2. d4 d5 3. f3 dxe4 4. fxe4 e5 5. Nf3 Bg4 6. Bc4 Nd7 7. Be3 Ngf6 8. Nc3 b5 9. dxe5 Bxf3 10. gxf3 bxc4 11. exf6 Qxf6 12. Qd4 Qxf3 13. Rf1 Qh3 14. Bf4 Bb4 15. 0-0-0 Bxc3 16. bxc3 Nf6 17. Bg5 0-0 18. Bxf6 Qh6+ 19. Kb1 Rfb8+ 20. Ka1 gxf6 21. Rxf6 Qxh2 22. Rg1+ Kf8 23. Qc5+ 1-0

[Event "Paracin Summer op 14th"]
[Site "Paracin"]
[Date "2021.07.14"]
[Round "7"]
[White "Ufimtsev, Egor"]
[Black "Czerw, Dawid"]
[Result "1/2-1/2"]
[WhiteElo "2168"]
[BlackElo "2306"]
[PlyCount "60"]
[EventDate "2021.07.09"]
[EventType "swiss"]
[EventRounds "9"]
[EventCountry "SRB"]
[SourceTitle "EXT 2022"]
[Source "ChessBase"]
[SourceDate "2021.10.06"]
[SourceVersion "1"]
[SourceVersionDate "2021.10.06"]
[SourceQuality "1"]

1. c4 Nf6 2. Nf3 g6 3. Nc3 Bg7 4. g3 0-0 5. Bg2 d6 6. d4 Nbd7 7. 0-0 c6 8. b3 Qa5 9. Bb2 e5 10. e3 Re8 11. a3 Qd8 12. Qc2 exd4 13. exd4 Nf8 14. Rfe1 Bf5 15. Qd2 Ne4 16. Nxe4 Bxe4 17. Nh4 Bxg2 18. Rxe8 Qxe8 19. Nxg2 d5 20. cxd5 cxd5 21. Ne3 Qd7 22. Qa5 Rd8 23. Qxa7 Qb5 24. Qa4 Qe2 25. Bc3 Ne6 26. Qa5 Qf3 27. Re1 Bf6 28. Qb5 Bxd4 29. Bxd4 Nxd4 30. Qd3 Ne6 1/2-1/2

[Event "Paracin Summer op 14th"]
[Site "Paracin"]
[Date "2021.07.09"]
[Round "1"]
[White "Ufimtsev, Egor"]
[Black "Mohammad, Nubairshah Shaikh"]
[Result "1/2-1/2"]
[WhiteElo "2168"]
[BlackElo "2436"]
[PlyCount "47"]
[EventDate "2021.07.09"]
[EventType "swiss"]
[EventRounds "9"]
[EventCountry "SRB"]
[SourceTitle "EXT 2022"]
[Source "ChessBase"]
[SourceDate "2021.10.06"]
[SourceVersion "1"]
[SourceVersionDate "2021.10.06"]
[SourceQuality "1"]

1. Nf3 Nf6 2. c4 g6 3. Nc3 Bg7 4. g3 c6 5. Bg2 d5 6. cxd5 cxd5 7. d4 0-0 8. 0-0 Ne4 9. Qb3 Nc6 10. Bf4 Na5 11. Qb4 Bf5 12. Rac1 b6 13. Nxe4 Bxe4 14. Ne5 f6 15. Nc6 Nxc6 16. Rxc6 Bxg2 17. Kxg2 e5 18. Be3 Rf7 19. Rfc1 Bf8 20. Qc3 Qe8 21. Rc8 Rxc8 22. Qxc8 Qb5 23. Qc6 Qxc6 24. Rxc6 1/2-1/2

[Event "Belgrade Serbia op"]
[Site "Belgrade"]
[Date "2021.07.08"]
[Round "9"]
[White "Meier, Volker"]
[Black "Ufimtsev, Egor"]
[Result "1/2-1/2"]
[WhiteElo "2285"]
[BlackElo "2168"]
[PlyCount "95"]
[EventDate "2021.07.02"]
[EventType "swiss"]
[EventRounds "9"]
[EventCountry "SRB"]
[SourceTitle "EXT 2022"]
[Source "ChessBase"]
[SourceDate "2021.10.06"]
[SourceVersion "1"]
[SourceVersionDate "2021.10.06"]
[SourceQuality "1"]

1. d4 d5 2. c4 e6 3. Nf3 c6 4. Qc2 Nf6 5. g3 dxc4 6. Qxc4 b5 7. Qc2 Bb7 8. Bg2 Nbd7 9. Nc3 a6 10. a4 c5 11. 0-0 b4 12. Nb1 Rc8 13. Qd1 cxd4 14. Nxd4 Bxg2 15. Kxg2 Nc5 16. Be3 Ng4 17. Nd2 Be7 18. Rc1 Nxe3+ 19. fxe3 0-0 20. Nc4 Nxa4 21. Qxa4 Rxc4 22. Qxa6 Qd5+ 23. Nf3 Rxc1 24. Rxc1 Qb3 25. Rc7 Bf6 26. Qc4 Qxb2 27. Rb7 Bc3 28. Nd4 Qd2 29. Qd3 Rc8 30. Nc6 Qxd3 31. exd3 Kf8 32. Nxb4 Bxb4 33. Rxb4 Rc2+ 34. Kg1 Rd2 35. d4 Re2 36. Rb3 g5 37. g4 Kg7 38. h3 Kg6 39. Kf1 Rh2 40. e4 Rd2 41. Rb4 h5 42. e5 h4 43. Kg1 Rd3 44. Kg2 Rg3+ 45. Kh2 Rf3 46. Rb8 Rf4 47. Rg8+ Kh6 48. Rd8 1/2-1/2

[Event "Belgrade Serbia op"]
[Site "Belgrade"]
[Date "2021.07.03"]
[Round "3"]
[White "Fernandez Lledo, Javier"]
[Black "Ufimtsev, Egor"]
[Result "0-1"]
[WhiteElo "2288"]
[BlackElo "2168"]
[PlyCount "46"]
[EventDate "2021.07.02"]
[EventType "swiss"]
[EventRounds "9"]
[EventCountry "SRB"]
[SourceTitle "CBM 203 Extra"]
[Source "ChessBase"]
[SourceDate "2021.09.30"]
[SourceVersion "1"]
[SourceVersionDate "2021.09.30"]
[SourceQuality "1"]

1. e4 c5 2. Ne2 Nc6 3. g3 d5 4. Bg2 dxe4 5. Nbc3 Nf6 6. Nxe4 Nxe4 7. Bxe4 Qc7 8. d3 Bg4 9. h3 Bd7 10. Be3 e5 11. g4 0-0-0 12. Nc3 Be6 13. Qf3 Nd4 14. Bxd4 cxd4 15. Ne2 h5 16. gxh5 Bb4+ 17. Kf1 Qd7 18. Ng3 g6 19. hxg6 fxg6 20. Bxg6 Rdf8 21. Qe2 Rhg8 22. Qh5 Qg7 23. Bf5 Bxf5 0-1

[Event "Graz op-A"]
[Site "Graz"]
[Date "2020.02.14"]
[Round "1"]
[White "Santiago, Yago de Moura"]
[Black "Ufimtsev, Egor"]
[Result "1/2-1/2"]
[WhiteElo "2488"]
[BlackElo "2174"]
[PlyCount "132"]
[EventDate "2020.02.14"]
[EventType "swiss"]
[EventRounds "9"]
[EventCountry "AUT"]
[SourceTitle "CBM 195 Extra"]
[Source "ChessBase"]
[SourceDate "2020.05.31"]
[SourceVersion "1"]
[SourceVersionDate "2020.05.31"]
[SourceQuality "1"]

1. d4 Nf6 2. Nf3 e6 3. Bg5 Be7 4. Nbd2 d5 5. e3 0-0 6. Bd3 c5 7. c3 Nbd7 8. Qb1 Qc7 9. Bxh7+ Nxh7 10. Bxe7 Re8 11. Bh4 b6 12. 0-0 f5 13. b4 a5 14. Bg3 Qd8 15. Rd1 axb4 16. cxb4 c4 17. a4 Nhf6 18. Qb2 Ne4 19. Nxe4 fxe4 20. Nd2 Qg5 21. Nb1 e5 22. Nc3 exd4 23. Rxd4 Nf6 24. Qd2 Be6 25. a5 bxa5 26. bxa5 Ra6 27. Nb5 Rc8 28. Qb4 Ne8 29. Nc3 Rca8 30. Qb5 Qd8 31. Qb2 Rxa5 32. Rad1 Nf6 33. h3 Qe7 34. Bh4 Qf7 35. Bxf6 Qxf6 36. Qb7 Qf7 37. Qc6 R8a6 38. Rxc4 Rxc6 39. Rxc6 Qd7 40. Rb6 Qc7 41. Rxe6 Qxc3 42. Rd6 Qe5 43. Rd7 Kf8 44. Rb7 Ra1 45. Rbb1 Ra2 46. Rd4 Qf5 47. Rf1 Ke7 48. Rb4 Kd6 49. Rd4 Rc2 50. Ra4 Ke5 51. Rb4 g5 52. Rd4 Rb2 53. Rdd1 g4 54. hxg4 Qxg4 55. Rb1 Rd2 56. Rb8 Qe2 57. Rf8 Rd3 58. Re8+ Kd6 59. Rd8+ Ke7 60. Rh8 Rxe3 61. fxe3 Qxe3+ 62. Kh1 d4 63. Ra1 d3 64. Ra6 Qc1+ 65. Kh2 Qf4+ 66. Kg1 Qc1+ 1/2-1/2

[Event "St Petersburg Korchnoi Memorial op"]
[Site "St Petersburg"]
[Date "2019.08.21"]
[Round "8"]
[White "Pogorelskikh, Sergey"]
[Black "Ufimtsev, Egor"]
[Result "0-1"]
[WhiteElo "2284"]
[BlackElo "2148"]
[PlyCount "100"]
[EventDate "2019.08.14"]
[EventType "swiss"]
[EventRounds "9"]
[EventCountry "RUS"]
[SourceTitle "CBM 192"]
[Source "ChessBase"]
[SourceDate "2019.10.31"]
[SourceVersion "1"]
[SourceVersionDate "2019.10.31"]
[SourceQuality "1"]

1. e4 c6 2. d4 d5 3. Nc3 dxe4 4. Nxe4 Nf6 5. Nxf6+ exf6 6. c3 Bd6 7. Bd3 0-0 8. Qc2 Re8+ 9. Ne2 h5 10. 0-0 h4 11. Re1 Nd7 12. Bf4 Nf8 13. Bxd6 Qxd6 14. h3 Bd7 15. Qd2 Ng6 16. Bxg6 fxg6 17. Qf4 Qxf4 18. Nxf4 Bf5 19. f3 g5 20. Ne2 Re7 21. Kf2 Rae8 22. Ng1 Be6 23. b3 f5 24. Re5 Bd7 25. Rxe7 Rxe7 26. Re1 Rxe1 27. Kxe1 g4 28. f4 Kf7 29. Kf2 Kf6 30. Ke3 b5 31. c4 bxc4 32. bxc4 Be6 33. Kd3 g5 34. Ne2 Bf7 35. fxg5+ Kxg5 36. d5 cxd5 37. c5 f4 38. Ng1 Be6 39. c6 f3 40. hxg4 fxg2 41. Ke3 Kxg4 42. Kf2 h3 43. Ne2 Kf5 44. Nd4+ Ke5 45. Nb5 a6 46. Nc7 d4 47. Nxa6 Bxa2 48. Nc5 Be6 49. c7 Bc8 50. Nb3 d3 0-1

[Event "St Petersburg Korchnoi Memorial op"]
[Site "St Petersburg"]
[Date "2019.08.16"]
[Round "3"]
[White "Ufimtsev, Egor"]
[Black "Tologontegin, Semetey"]
[Result "1/2-1/2"]
[WhiteElo "2148"]
[BlackElo "2386"]
[PlyCount "113"]
[EventDate "2019.08.14"]
[EventType "swiss"]
[EventRounds "9"]
[EventCountry "RUS"]
[SourceTitle "CBM 192"]
[Source "ChessBase"]
[SourceDate "2019.10.31"]
[SourceVersion "1"]
[SourceVersionDate "2019.10.31"]
[SourceQuality "1"]

1. d4 g6 2. Nf3 Bg7 3. e3 b6 4. Be2 Bb7 5. c4 d6 6. 0-0 Nd7 7. Nc3 e5 8. b3 Ne7 9. Bb2 0-0 10. Qc2 Re8 11. dxe5 Nxe5 12. Nxe5 Bxe5 13. Rad1 f5 14. Nd5 Nxd5 15. cxd5 Bxb2 16. Qxb2 Re5 17. Rd4 Qf6 18. Rc1 Qf7 19. Qc2 Rc8 20. Bb5 a5 21. Bc6 Bxc6 22. Qxc6 Re7 23. Qb7 Rd8 24. b4 axb4 25. Rxb4 h6 26. Ra4 Qg7 27. g3 Rf8 28. Ra7 Rff7 29. Ra8+ Kh7 30. Qc6 g5 31. Re8 Qe5 32. Rxe7 Qxe7 33. Qc2 Kg7 34. Qc3+ Kg6 35. f3 h5 36. Kf2 g4 37. f4 Qe4 38. Qd4 Qf3+ 39. Kg1 Re7 40. Re1 Re8 41. Qd2 Ra8 42. e4 fxe4 43. Qc2 Qd3 44. Qc6 Qd4+ 45. Kh1 Qa4 46. Qxc7 Qb4 47. f5+ Kxf5 48. Qc1 Kg6 49. Qa1 Ra3 50. Qc1 Rf3 51. Qc8 Kf6 52. Qe6+ Kg7 53. Qe7+ Kg6 54. Qe6+ Rf6 55. Qg8+ Kh6 56. Qh8+ Kg6 57. Qg8+ 1/2-1/2

[Event "Eurasia Cup op"]
[Site "Ekaterinburg"]
[Date "2019.08.08"]
[Round "8"]
[White "Larichev, Dmitry"]
[Black "Ufimtsev, Egor"]
[Result "1/2-1/2"]
[WhiteElo "2225"]
[BlackElo "2148"]
[PlyCount "146"]
[EventDate "2019.07.31"]
[EventType "swiss"]
[EventRounds "9"]
[EventCountry "RUS"]
[SourceTitle "CBM 191 Extra"]
[Source "ChessBase"]
[SourceDate "2019.09.30"]
[SourceVersion "1"]
[SourceVersionDate "2019.09.30"]
[SourceQuality "1"]

1. e4 c6 2. d4 d5 3. Nc3 dxe4 4. Nxe4 Nf6 5. Nxf6+ exf6 6. Bf4 Qb6 7. Qe2+ Be6 8. 0-0-0 Be7 9. c4 0-0 10. Qc2 Qa5 11. Kb1 Na6 12. Bd2 Nb4 13. Bxb4 Bxb4 14. Bd3 h6 15. Ne2 Bd6 16. Ng3 Rfd8 17. Bh7+ Kh8 18. Be4 Rac8 19. Rhe1 b5 20. Bf5 Bxc4 21. b3 Rb8 22. Ne4 Bf8 23. Re3 Be6 24. Bxe6 fxe6 25. Qxc6 Qb6 26. Qxb6 Rxb6 27. Red3 f5 28. Nc3 b4 29. Ne2 Rbd6 30. h4 Be7 31. h5 Bf6 32. f3 Kg8 33. Nf4 Bg5 34. Ng6 Bf6 35. Nf4 Bg5 36. Ng6 Bf6 37. Nf4 Kf7 38. d5 exd5 39. Nxd5 a5 40. Nxb4 Rxd3 41. Nxd3 Rd4 42. g3 Ke7 43. Kc2 Rd8 44. Re1+ Kd6 45. Nb2 Rc8+ 46. Nc4+ Kd5 47. Kd3 Kc5 48. Ne3 Kb4 49. Nxf5 Rc3+ 50. Ke4 Rc2 51. Re3 Rxa2 52. Nd6 Rd2 53. Ne8 Bc3 54. Nc7 Kxb3 55. Nb5 Rc2 56. Nd4+ Kb2 57. Nxc2 Kxc2 58. Kd5 Kb3 59. Re7 a4 60. Rb7+ Bb4 61. Rxg7 a3 62. Ra7 a2 63. Rxa2 Kxa2 64. Ke6 Kb3 65. f4 Kc4 66. Kf7 Kd5 67. Kg7 Be1 68. g4 Ke4 69. Kxh6 Kxf4 70. g5 Bc3 71. g6 Kg4 72. g7 Bxg7+ 73. Kxg7 Kxh5 1/2-1/2

[Event "Eurasia Cup op"]
[Site "Ekaterinburg"]
[Date "2019.08.01"]
[Round "2"]
[White "Ufimtsev, Egor"]
[Black "Chekletsov, Ilya"]
[Result "1/2-1/2"]
[WhiteElo "2148"]
[BlackElo "2374"]
[PlyCount "61"]
[EventDate "2019.07.31"]
[EventType "swiss"]
[EventRounds "9"]
[EventCountry "RUS"]
[SourceTitle "CBM 191 Extra"]
[Source "ChessBase"]
[SourceDate "2019.09.30"]
[SourceVersion "1"]
[SourceVersionDate "2019.09.30"]
[SourceQuality "1"]

1. Nf3 Nf6 2. c4 e6 3. Nc3 Bb4 4. Qc2 c5 5. a3 Ba5 6. g3 0-0 7. Bg2 Nc6 8. 0-0 a6 9. e3 d5 10. cxd5 exd5 11. d4 cxd4 12. Nxd4 Nxd4 13. exd4 h6 14. Qb3 Qb6 15. Qxb6 Bxb6 16. Nxd5 Nxd5 17. Bxd5 Bxd4 18. Rd1 Be5 19. Be3 Bxb2 20. Ra2 Bf6 21. Rb1 Rd8 22. Rd2 Rxd5 23. Rxd5 Be6 24. Rd2 b5 25. Rc1 Bc4 26. a4 Kh7 27. axb5 axb5 28. Rd7 Ra2 29. Rc7 Rb2 30. R7xc4 bxc4 31. Rxc4 1/2-1/2

[Event "Eurasia Cup op"]
[Site "Ekaterinburg"]
[Date "2019.07.31"]
[Round "1"]
[White "Ufimtsev, Egor"]
[Black "Beryozka, Polina"]
[Result "1-0"]
[WhiteElo "2148"]
[BlackElo "1286"]
[PlyCount "51"]
[EventDate "2019.07.31"]
[EventType "swiss"]
[EventRounds "9"]
[EventCountry "RUS"]
[SourceTitle "CBM 191 Extra"]
[Source "ChessBase"]
[SourceDate "2019.09.30"]
[SourceVersion "1"]
[SourceVersionDate "2019.09.30"]
[SourceQuality "1"]

1. Nf3 Nf6 2. c4 g6 3. Nc3 Bg7 4. g3 0-0 5. Bg2 d6 6. d4 Nbd7 7. 0-0 c5 8. b3 Rb8 9. Bb2 a6 10. a4 b6 11. Qc2 Bb7 12. d5 Ne8 13. e4 Ne5 14. Nd2 Nc7 15. h3 Nd7 16. f4 Nf6 17. Nf3 Qd7 18. e5 Nh5 19. Ne4 Bh8 20. g4 Nxf4 21. exd6 Ne8 22. Bxh8 Kxh8 23. Ne5 Qd8 24. Rxf4 exd6 25. Nxf7+ Rxf7 26. Rxf7 1-0

[Event "Sochi Archibald op 1st"]
[Site "Sochi"]
[Date "2019.05.19"]
[Round "9"]
[White "Gritsayeva, Oksana"]
[Black "Ufimtsev, Egor"]
[Result "1-0"]
[WhiteElo "2383"]
[BlackElo "2101"]
[PlyCount "117"]
[EventDate "2019.05.12"]
[EventType "swiss"]
[EventRounds "9"]
[EventCountry "RUS"]
[SourceTitle "CBM 190 Extra"]
[Source "ChessBase"]
[SourceDate "2019.07.15"]
[SourceVersion "1"]
[SourceVersionDate "2019.07.15"]
[SourceQuality "1"]

1. e4 c6 2. Nc3 d5 3. Nf3 dxe4 4. Nxe4 Nf6 5. Qe2 Nxe4 6. Qxe4 Qd5 7. Qh4 Qe6+ 8. Be2 Qg4 9. Qxg4 Bxg4 10. h3 Bxf3 11. Bxf3 e5 12. 0-0 Bd6 13. b4 Nd7 14. Rb1 Rc8 15. c3 0-0 16. d3 f5 17. c4 b6 18. Be3 c5 19. b5 e4 20. dxe4 Ne5 21. exf5 Nxf3+ 22. gxf3 Rxf5 23. Rfd1 Bf4 24. Kg2 Rcf8 25. Rb3 Rg5+ 26. Kf1 Rgf5 27. Rd7 Bb8 28. Rbd3 Rxf3 29. Ke2 R3f7 30. a4 Rxd7 31. Rxd7 Rf7 32. Rd8+ Rf8 33. Rd5 Kf7 34. Rd7+ Kg6 35. Rb7 Rc8 36. Kd3 Kf6 37. Ke4 Re8+ 38. Kd3 Rd8+ 39. Ke2 Rc8 40. Bd2 h6 41. Bc3+ Be5 42. Bxe5+ Kxe5 43. Ke3 Rd8 44. Re7+ Kf5 45. Rf7+ Kg5 46. Rxa7 Rd4 47. Rxg7+ Kh5 48. f4 Rxc4 49. f5 Rxa4 50. f6 Ra1 51. Kf2 Ra4 52. Ke3 Ra1 53. Ke4 Rf1 54. f7 Rf2 55. Ke5 Rf1 56. Ke6 Re1+ 57. Kd7 Rf1 58. Ke8 Re1+ 59. Kf8 1-0

[Event "Sochi Archibald op 1st"]
[Site "Sochi"]
[Date "2019.05.16"]
[Round "6"]
[White "Ufimtsev, Egor"]
[Black "Raja, Harshit"]
[Result "1/2-1/2"]
[WhiteElo "2101"]
[BlackElo "2446"]
[PlyCount "123"]
[EventDate "2019.05.12"]
[EventType "swiss"]
[EventRounds "9"]
[EventCountry "RUS"]
[SourceTitle "CBM 190 Extra"]
[Source "ChessBase"]
[SourceDate "2019.07.15"]
[SourceVersion "1"]
[SourceVersionDate "2019.07.15"]
[SourceQuality "1"]

1. d4 Nf6 2. c4 e6 3. Nf3 b6 4. a3 Bb7 5. Nc3 d5 6. Bg5 Nbd7 7. Qa4 c6 8. e4 dxe4 9. Nxe4 Be7 10. Nxf6+ Bxf6 11. Bxf6 Qxf6 12. Be2 0-0 13. 0-0 e5 14. Nxe5 Nxe5 15. dxe5 Qxe5 16. Bf3 Qxb2 17. Bxc6 Bxc6 18. Qxc6 Qc3 19. Rfc1 Rac8 20. Qa4 Qd4 21. Qxa7 Rxc4 22. Rd1 Qc5 23. Rab1 Rc2 24. Qxb6 Qxa3 25. Qb4 Qa2 26. Ra1 Qe6 27. Re1 Qf5 28. Qd4 h6 29. Rac1 Rfc8 30. Rxc2 Rxc2 31. h3 Kh7 32. Qe3 g6 33. Qd4 Rc6 34. Qg4 Qf6 35. Qg3 h5 36. Qe3 Re6 37. Qd2 Rd6 38. Qe3 Re6 39. Qd2 Rb6 40. Qe3 Rb2 41. Re2 Rb5 42. Re1 Kg7 43. Qe7 Qxe7 44. Rxe7 Rb1+ 45. Kh2 Rf1 46. Re2 h4 47. g3 hxg3+ 48. Kxg3 f5 49. Ra2 Rg1+ 50. Kh2 Rg5 51. f4 Rh5 52. Ra7+ Kf8 53. Ra8+ Ke7 54. Ra7+ Ke8 55. Ra8+ Kd7 56. Ra7+ Kc8 57. Rg7 Rh6 58. Kg3 Kd8 59. Ra7 Ke8 60. Ra8+ Kf7 61. Ra7+ Ke6 62. Ra6+ 1/2-1/2

[Event "RUS-chT2"]
[Site "Sochi"]
[Date "2019.05.08"]
[Round "7.3"]
[White "Ufimtsev, Egor"]
[Black "Tolstykh, Arina"]
[Result "0-1"]
[WhiteElo "2101"]
[BlackElo "1599"]
[PlyCount "85"]
[EventDate "2019.05.01"]
[EventType "team-swiss"]
[EventRounds "9"]
[EventCountry "RUS"]
[SourceTitle "CBM 190 Extra"]
[Source "ChessBase"]
[SourceDate "2019.07.15"]
[SourceVersion "1"]
[SourceVersionDate "2019.07.15"]
[SourceQuality "1"]
[WhiteTeam "Moscow BYCP"]
[BlackTeam "Samara Ladya"]
[WhiteTeamCountry "RUS"]
[BlackTeamCountry "RUS"]

1. e4 c5 2. b3 Nc6 3. Bb2 e5 4. Nf3 d6 5. Bc4 g6 6. c3 Bg7 7. d4 exd4 8. cxd4 Nge7 9. Qd2 cxd4 10. Nxd4 0-0 11. 0-0 Ne5 12. Be2 d5 13. f4 N5c6 14. e5 f6 15. Nf3 fxe5 16. fxe5 Bg4 17. Qg5 Bxf3 18. Bxf3 Rf5 19. Qd2 Nxe5 20. Nc3 Qb6+ 21. Kh1 Nxf3 22. Rxf3 d4 23. Ne4 Rxf3 24. gxf3 Nf5 25. Rc1 Bh6 26. f4 Re8 27. Ng3 Qd6 28. Nxf5 Qd5+ 29. Qg2 Qxf5 30. Bxd4 b6 31. Be5 Rxe5 32. Qa8+ Kf7 33. Rc7+ Re7 34. Qxa7 Qe4+ 35. Kg1 Qe1+ 36. Kg2 Qe2+ 37. Kg1 Qe3+ 38. Kg2 Qe4+ 39. Kg1 Qe3+ 40. Kg2 Qe2+ 41. Kg1 Bxf4 42. Rxe7+ Qxe7 43. Qxb6 0-1

[Event "RUS-chT2"]
[Site "Sochi"]
[Date "2019.05.05"]
[Round "5.3"]
[White "Pogorelskikh, Sofia"]
[Black "Ufimtsev, Egor"]
[Result "1/2-1/2"]
[WhiteElo "2131"]
[BlackElo "2101"]
[PlyCount "80"]
[EventDate "2019.05.01"]
[EventType "team-swiss"]
[EventRounds "9"]
[EventCountry "RUS"]
[SourceTitle "CBM 190 Extra"]
[Source "ChessBase"]
[SourceDate "2019.07.15"]
[SourceVersion "1"]
[SourceVersionDate "2019.07.15"]
[SourceQuality "1"]
[WhiteTeam "Volga Samara Region"]
[BlackTeam "Moscow BYCP"]
[WhiteTeamCountry "RUS"]
[BlackTeamCountry "RUS"]

1. e4 c5 2. Nf3 d6 3. d4 cxd4 4. Nxd4 Nf6 5. Nc3 Nc6 6. Bg5 e6 7. f4 h6 8. Bh4 Be7 9. Nf3 Nxe4 10. Nxe4 Bxh4+ 11. Nxh4 Qxh4+ 12. g3 Qd8 13. Qxd6 Qxd6 14. Nxd6+ Ke7 15. 0-0-0 Rd8 16. Nxc8+ Raxc8 17. Bg2 Rxd1+ 18. Rxd1 g5 19. a3 gxf4 20. gxf4 Rg8 21. Bf3 Rg6 22. Kd2 Kd6 23. Ke3+ Kc7 24. c4 e5 25. Bd5 exf4+ 26. Kxf4 Rf6+ 27. Ke3 Ne5 28. Rg1 Kd6 29. Rg8 b5 30. b3 bxc4 31. bxc4 Nd7 32. Rc8 Rf1 33. Rc6+ Ke5 34. Ra6 Nb6 35. Ke2 Rf4 36. Rxa7 Nxd5 37. cxd5 Rh4 38. Rxf7 Rxh2+ 39. Rf2 Rxf2+ 40. Kxf2 Kxd5 1/2-1/2